Социально-политические проблемы создания и функционирования развитого социалистического общества : (Record no. 356841)
[ view plain ]
| 000 -LEADER | |
|---|---|
| fixed length control field | 01337nam a2200205 a 4500 |
| 001 - CONTROL NUMBER | |
| control field | 001107705 |
| 003 - CONTROL NUMBER IDENTIFIER | |
| control field | AM-YeHGA |
| 005 - DATE AND TIME OF LATEST TRANSACTION | |
| control field | 20250617151722.0 |
| 008 - FIXED-LENGTH DATA ELEMENTS--GENERAL INFORMATION | |
| fixed length control field | 151022s1976 lv 000 0 rus d |
| 040 ## - CATALOGING SOURCE | |
| Original cataloging agency | AM-YeHGA |
| 041 0# - LANGUAGE CODE | |
| Language code of text/sound track or separate title | rus |
| 090 ## - LOCALLY ASSIGNED LC-TYPE CALL NUMBER (OCLC); LOCAL CALL NUMBER (RLIN) | |
| -- | 358661 |
| 245 00 - TITLE STATEMENT | |
| Title | Социально-политические проблемы создания и функционирования развитого социалистического общества : |
| Remainder of title | Материалы научной конференции / |
| Statement of responsibility, etc. | Латв. гос. ун-т им. Петра Стучки, Каф. науч. коммунизма. |
| 260 ## - PUBLICATION, DISTRIBUTION, ETC. | |
| Place of publication, distribution, etc. | Рига : |
| Name of publisher, distributor, etc. | Латвийского гос. ун-та, |
| Date of publication, distribution, etc. | 1976. |
| 300 ## - PHYSICAL DESCRIPTION | |
| Extent | 190 с. |
| 504 ## - BIBLIOGRAPHY, ETC. NOTE | |
| Bibliography, etc. note | Библиогр.: в конце статей |
| 650 14 - SUBJECT ADDED ENTRY--TOPICAL TERM | |
| Topical term or geographic name entry element | Развитое социалистическое общество - Сборники |
| 710 2# - ADDED ENTRY--CORPORATE NAME | |
| Corporate name or jurisdiction name as entry element | Латвийский государственный университет им. Петра Стучки. |
| Subordinate unit | Кафедра научного коммунизма |
| 711 2# - ADDED ENTRY--MEETING NAME | |
| Meeting name or jurisdiction name as entry element | Научная конференция, посвященная социально-политическим проблемам создания и функционирования развитого социалистического общества |
| Date of meeting or treaty signing | (1974 ; |
| Location of meeting | Рига) |
| Withdrawn status | Lost status | Source of classification or shelving scheme | Damaged status | Not for loan | Collection | Home library | Current library | Date acquired | Total checkouts | Full call number | Barcode | Date last seen | Price effective from | Koha item type | Public note |
|---|---|---|---|---|---|---|---|---|---|---|---|---|---|---|---|
| Universal Decimal Classification | General | Fundamental Scientific Library | Fundamental Scientific Library | 11/01/2017 | PII/381528 | FL0361084 | 11/01/2017 | 11/01/2017 | Գրքեր / Books | 30 Days Loan | |||||
| Universal Decimal Classification | General | Fundamental Scientific Library | Fundamental Scientific Library | 11/01/2017 | PII/382113 | FL0361798 | 11/01/2017 | 11/01/2017 | Գրքեր / Books | 30 Days Loan |
ՀՀ Գիտությունների ազգային ակադեմիայի հիմնարար գիտական գրադարան = Fundamental Scientific Library of NAS RA
All site content, except where otherwise noted, is licensed under a